000 00495nam a22001577a 4500
003 SISC
005 20160927101348.0
008 160927b xxu||||| |||| 00| 0 eng d
020 _a9781107572676
050 _aPC 2112 .B768 2015
100 _aBourdais, Daniele
245 _aPanorama francophone 2
_cDaniele Bourdais, Sue Finnie, Genevieve Talon
260 _aUnited Kingdom :
_bCambridge University Press
_c2015
300 _a147 pages.,
_bcolored illustrations.,
_c28 cm.
942 _2lcc
_cBK
999 _c305121
_d305121